Music Quiz

Random Music or Lyrics Quiz
Score 0/169 Timer 07:00
0 Plays Today
% Correct
I
97.9%
I
97.9%
a
92.9%
a
92.9%
A
92.9%
you
91.8%
you
91.8%
you
91.8%
you
91.8%
you
91.8%
you
91.8%
you
91.8%
the
91.8%
the
91.8%
the
91.8%
the
91.8%
the
91.8%
the
91.8%
the
91.8%
the
91.8%
the
91.8%
the
91.8%
the
91.8%
the
91.8%
the
91.8%
the
91.8%
me
77.8%
me
77.8%
and
77.6%
And
77.6%
on
75.5%
on
75.5%
on
75.5%
in
75.5%
in
75.5%
in
75.5%
in
75.5%
In
75.5%
in
75.5%
Be
74.6%
be
74.6%
I'm
74%
I'm
74%
I'm
74%
I'm
74%
So
72%
So
72%
So
72%
to
71.9%
to
71.9%
your
71.3%
my
71.1%
My
71.1%
My
71.1%
My
71.1%
can
69.1%
love
68.6%
% Correct
what
67.8%
what
67.8%
what
67.8%
of
67.7%
of
67.7%
when
66.9%
they
64.3%
just
63.5%
just
63.5%
just
63.5%
You're
63.2%
Can't
62.2%
know
61.8%
know
61.8%
dark
61%
dark
61%
dark
61%
did
59.7%
up
59.7%
up
59.7%
up
59.7%
up
59.7%
up
59.7%
up
59.7%
up
59.7%
up
59.7%
up
59.7%
did
59.7%
up
59.7%
for
59.1%
light
57.9%
Light
57.9%
Light
57.9%
light
57.9%
wish
57.6%
songs
57.3%
songs
57.3%
careful
57.2%
'em
57.1%
'em
57.1%
'em
57.1%
'em
57.1%
making
56.5%
wishes
56.1%
that
56.1%
fire
54.5%
their
54.2%
get
53.5%
get
53.5%
got
52.3%
mark
52.2%
apart
51.4%
dreaming
51.2%
see
51.2%
see
51.2%
tearing
51.1%
out
51%
% Correct
out
51%
hit
50.7%
with
50.5%
sure
50.1%
then
50%
need
49.6%
level
48.6%
never
48.2%
spark
47.1%
lover's
46.9%
could
46.8%
devil
46.7%
world
46.7%
everything
46.3%
everything
46.3%
everything
46.3%
ignite
46.2%
Gonna
45.7%
from
44.5%
gotta
44.5%
young
44.2%
besides
43.9%
I've
43.9%
ashes
43.9%
meantime
43.8%
Burn
43.8%
burn
43.8%
cage
43.6%
rage
43.5%
except
41.1%
lashes
40%
details
39.5%
antidote
39.2%
tears
39%
monster
38.6%
childhood
37.6%
they've
37.5%
end
37.5%
keep
37.4%
tomorrow
37.3%
back
37.1%
another
37%
pretty
36.9%
scars
35.8%
write
35.6%
now
35.3%
writers
34.9%
constellation
34.4%
writing
33.8%
vein
33.7%
Somewhere
32.9%
spat
32.8%
collides
32.3%
All
30.9%
dies
27.3%
Remove Ads.
Support Sporcle.
Get the best of Sporcle when you Go Orange. This ad-free experience offers more features, more stats, and more fun while also helping to support Sporcle. Thank you for becoming a member.

You're not logged in!

Compare scores with friends on all Sporcle quizzes.
OR
Log In

Sporcle TV

Today on Sporcle TV


Watch our educational content, quiz creation guides, and fun videos on Sporcle TV.

Show Comments

Extras

Created May 12, 2013ReportNominate
Tags:Lyrics Quiz, Fall Out Boy

Top Quizzes Today


Score Distribution

Paid Content

Your Account Isn't Verified!

In order to create a playlist on Sporcle, you need to verify the email address you used during registration. Go to your Sporcle Settings to finish the process.

Report this User

Report this user for behavior that violates our Community Guidelines.

Details: